000 00441nam a2200157Ia 4500
008 240729s9999 xx 000 0 und d
022 _a1178-8704
245 0 _aJournal of Educational Leadership, Policy and Practice
260 _aPoland
260 _bSciendo
650 _a Theory and practice of education
650 _aEducation
856 _uhttps://doaj.org/toc/354dbc3ccbdc4a288c8a95a2753002bc
942 _2ddc
942 _cDOAJEJ
999 _c70734
_d70734
945 _a1
_bMadushi Gamage
_c1
_dMadushi Gamage